Терміносистема напрямів музичного мистецтва в системі лексики сучасної англійської мови (Запис № 285489)

МАРК-запис
000 -LEADER
fixed length control field 02073nam a22001577a 4500
041 ## - LANGUAGE CODE
Language code of text/sound track or separate title ukr
080 ## - UNIVERSAL DECIMAL CLASSIFICATION NUMBER
Universal Decimal Classification number 09
090 ## - LOCALLY ASSIGNED LC-TYPE CALL NUMBER (OCLC); LOCAL CALL NUMBER (OCLC)
Local cutter number (OCLC) ; Book number/undivided call number, CALL (RLIN) СОК
100 ## - MAIN ENTRY--PERSONAL NAME
Personal name Сокол, Ю. М.
245 ## - TITLE STATEMENT
Title Терміносистема напрямів музичного мистецтва в системі лексики сучасної англійської мови
260 ## - PUBLICATION, DISTRIBUTION, ETC. (IMPRINT)
Place of publication, distribution, etc Острог
Name of publisher, distributor, etc КАФ
Date of publication, distribution, etc 2014
300 ## - PHYSICAL DESCRIPTION
Extent 66
520 ## - SUMMARY, ETC.
Summary, etc Вступ.<br/>Розділ І. Лексико-семантичне поле та терміносистема "музика".<br/>1.1. Теорія лексико-семантичного поля у дослідженнях мовознавців<br/>1.2. Терміносистема як спеціалізоване лексико-семантичне поле та сфери існування термінології<br/>1.3. Виникнення терміносистеми "музика" та її звязок з терміносистемами інших видів мистецтва<br/>Розділ ІІ. Тлумачення терміносистеми "музика" в сучасних англомовних словниках.<br/>2.1. Фіксація лексики музичного мистецтва у словниках різних типів<br/>2.2. Особливості тлумачення музичних термінів в словниках<br/>Розділ ІІІ. Особливості вживання музичних термінів у публіцистичних виданнях.<br/>3.1. Характеристика музичних термінів за структурою та особливості їхнього вживання в англомовних музичних журналах<br/>3.2. Вживання термінів за походженням у публіцистиці музичного спрямування<br/>Висновки.<br/>Список використаної літератури.<br/>Додатки
-- терміносистема, словник, журнал
650 ## - SUBJECT ADDED ENTRY--TOPICAL TERM
Topical term or geographic name as entry element Research Papers
942 ## - ADDED ENTRY ELEMENTS (KOHA)
Koha item type Книги
Фонди
Withdrawn status Lost status Source of classification or shelving scheme Damaged status Not for loan Home library Current library Date acquired Source of acquisition Cost, normal purchase price Total Checkouts Full call number Barcode Date last seen Price effective from Koha item type
    Universal Decimal Classification     ВІЛ - Відділ іноземн. літератури НБ ВІЛ - Відділ іноземн. літератури НБ 17/06/2014 Акт №8 1.00   09 215485 09/11/2021 17/06/2014 Книги